000 00377nam a2200145Ia 4500
008 090122s9999 xx 000 0 und d
082 _b8318
_a891.4683
100 _aभावे
_bपु
_cभा
245 _aकथामंथन
600 _aभावे
630 _aकथामंथन
700 _aभावे
730 _aकथामंथन
942 _cBOOK
999 _c32395
_d32395